|
|
|
|
| LEADER |
02104nam a2200373 i 4500 |
| 001 |
34467 |
| 003 |
BD-DhAAL |
| 005 |
20190401113040.0 |
| 008 |
190401t2018 enka b 001 0 eng |
| 999 |
|
|
|c 40604
|d 40604
|
| 010 |
|
|
|a 2017056550
|
| 020 |
|
|
|a 9781138936652 (softcover : alk. paper)
|
| 020 |
|
|
|a 9781138936645 (hardcover : alk. paper)
|
| 020 |
|
|
|a 9781351031189 (ebook)
|
| 040 |
|
|
|a DLC
|b eng
|c DLC
|e rda
|d DLC
|d BD-DhAAL
|
| 042 |
|
|
|a pcc
|
| 050 |
0 |
0 |
|a PE1128.A2
|b A56 2018
|
| 082 |
0 |
0 |
|a 420.147
|2 23
|
| 100 |
1 |
|
|a Anthony, Laurence,
|e author.
|9 30947
|
| 245 |
1 |
0 |
|a Introducing english for specific purposes /
|c Laurence Anthony.
|
| 260 |
|
|
|a London ;
|a New York, NY :
|b Routledge, Taylor & Francis Group,
|c c2018
|
| 300 |
|
|
|a vi, 210 pages :
|b illustrations ;
|c 25 cm.
|
| 490 |
0 |
|
|a Routledge introductions to English for specific purposes
|
| 504 |
|
|
|a Includes bibliographical references and index.
|
| 505 |
0 |
|
|a Contextualizing ESP -- Situating ESP in English language teaching and learning -- Situating ESP in the world at large -- Introducing the four pillars of ESP -- Understanding the four pillars of ESP -- Identifying needs in ESP -- Deciding learning objectives in ESP -- Adopting, adapting, and creating materials and methods in ESP -- Evaluating learners, instructors, courses, and programs in ESP -- Applying ESP in real-world settings -- Implementing ESP in ideal, opportunistic, and just-in-time settings -- Dealing with challenges in ESP -- Moving forward in ESP.
|
| 526 |
|
|
|a ENH
|
| 541 |
|
|
|a Parama Publishers
|e 34467
|
| 650 |
|
0 |
|a English language
|x Study and teaching
|x Foreign speakers.
|9 30948
|
| 650 |
|
0 |
|a English language
|x Business English
|x Study and teaching.
|9 30949
|
| 650 |
|
0 |
|a English language
|x Technical English
|x Study and teaching.
|9 30950
|
| 650 |
|
0 |
|a Curriculum planning.
|9 30951
|
| 852 |
|
|
|a Ayesha Abed Library
|c General Stacks
|
| 942 |
|
|
|2 ddc
|c BK
|
| 952 |
|
|
|0 0
|1 0
|2 ddc
|4 0
|6 420_147000000000000_ANT
|7 0
|9 65225
|a BRACUL
|b BRACUL
|c GEN
|d 2019-02-26
|e Parama Publishers
|g 1916.29
|l 7
|m 33
|o 420.147 ANT
|p 3010034467
|r 2026-05-17
|s 2026-05-06
|t 1
|v 1916.29
|w 2019-02-26
|y BK
|